| 000 | 00370nam a2200145Ia 4500 | ||
|---|---|---|---|
| 008 | 230917s9999||||xx |||||||||||||| ||und|| | ||
| 040 |
_e148722 _aMAIN |
||
| 041 | _aEnglish | ||
| 082 | _a658.4 L154P | ||
| 100 | _aLall, Madhurima | ||
| 245 | 0 | _aPersonol Growth and Training & development | |
| 260 |
_aNew Delhi _bXCEL books _c2009 |
||
| 300 | _a572p. p. | ||
| 942 | _cBK | ||
| 999 |
_c150162 _d150162 |
||